LEADER 00920nam a2200241 i 4500 001 000000236268 003 CaOOAMICUS 005 20141127000000.0 008 141127s1973 it u000 u ita u 013 $a215172 040 $aSeMil$bita 100 1 $aCaballero Calderón, Eduardo,$d<1910-1993>.$0(OLS)http://semarc/name/40248 240 13$aEl Cristo de espaldas .$0(OLS)http://semarc/title/336734 245 10$aCristo di spalle /$cEduardo Caballero Calderón. 260 $aMilano :$bIPL,$cstampa 1973. 300 $a243 p. ;$c18 cm. 490 0 $aIl Grappolo ;$v72 830 3$aIl grappolo ;$v72.$0(OLS)http://semarc/title/23873 850 $aSeMil 852 $aSeMil$W1$xVenegono$y1$m1V I 228$j186614$B186614$CSeMilBibl$Z2$F197564 $81 961 $aLascito: Serenthŕ don Mario 996 $6245$aCristo di spalle$9(OLS)http://semarc/title/336733 996 $6260$aMilano :$bIPL$9(OLS)http://semarc/publisher/30350 LEADER 01396nam a2200301 i 4500 001 000000181153 003 CaOOAMICUS 005 20260319142018.0 008 090821s2009 gw u000 u eng u 013 $a158979 020 $a978-3-11-021477-2 040 $aSeMil$bita 100 1 $aJones, Scott C.$0(OLS)http://semarc/name/66949 245 10$aRumors of wisdom :$bJob 28 as poetry /$cScott C. Jones. 260 $aBerlin ; New York :$bDe Gruyter,$c2009. 300 $aXX, 293 p. ;$c24 cm. 490 0 $aBeihefte zur Zeitschrift für die alttestamentliche Wissenschaft ;$v398 504 $aBibliography, p. [245]-272 650 4$aBibbia. Antico Testamento. Giobbe - Commentari, studi, critica, interpretazioni.$0(OLS)http://semarc/subject/182 650 4$aBibbia. Antico Testamento. Giobbe, 28.$0(OLS)http://semarc/subject/34378 830 0$aBeihefte zur Zeitschrift für die alttestamentliche Wissenschaft ;$v398.$0(OLS)http://semarc/title/294 850 $aSeMil 852 $aSeMil$W1$xVenegono$y1$m2XA Q 398$j252485$B131901$CSeMilBibl$Z2$F143713 $81 961 $aSottoscrizione: De Gruyter 996 $6020$a978-3-11-021477-2$9(OLS)http://semarc/number/170601 996 $6245$aRumors of wisdom :$bJob 28 as poetry$9(OLS)http://semarc/title/260096 996 $6260$aBerlin ; New York :$bDe Gruyter$9(OLS)http://semarc/publisher/29892